000 01271nam a2200181Ia 4500
008 151202s9999||||xx |||||||||||||| ||und||
082 _bPNVM-123232
100 _aवैद्यनाथ दीक्षित/संपा-घारपुरेजगन्नाथ रघुनाथ
245 _aस्मृतिमुक्ताफलम् वैद्यनाथदीक्षितीय भाग 3 आशौचकाण्डम् आवृत्ति1
260 _b"घारपुरे जगन्नाथ रघुनाथ,मुंबई."
260 _c1939
300 _a80
600 _aवैद्यनाथ दीक्षित/संपा-घारपुरेजगन्नाथ रघुनाथ
630 _aस्मृतिमुक्ताफलम् वैद्यनाथदीक्षितीय भाग 3 आशौचकाण्डम् आवृत्ति1
700 _aवैद्यनाथ दीक्षित/संपा-घारपुरेजगन्नाथ रघुनाथ
730 _aस्मृतिमुक्ताफलम् वैद्यनाथदीक्षितीय भाग 3 आशौचकाण्डम् आवृत्ति1
942 _cBOOK
999 _c1353361
_d1353358